000 00243nam a2200109Ia 4500
008 190912s9999||||xx |||||||||||||| ||und||
100 _aNaseema Naseem
245 0 _aMisergah
260 _aKarachi
_bMisergah
_c1981
300 _a144
942 _cBK
999 _c7399
_d7399